| 000 | 00491nam a2200193Ia 4500 | ||
|---|---|---|---|
| 003 | OSt | ||
| 005 | 20251219141533.0 | ||
| 008 | 210210b1953 xxu||||| |||| 00| 0 eng d | ||
| 040 | _cAL | ||
| 041 | _akan | ||
| 082 | _a859/2286 | ||
| 100 |
_aHOYISALA _9155154 _dಹೊಯ್ಸಳ. |
||
| 245 |
_aPadmini: _bಪದ್ಮಿನಿ |
||
| 260 |
_aBengaluru _bJivana Karyalaya _c1953 |
||
| 650 |
_aPadmini _9155155 |
||
| 690 |
_aKannada Fiction _9155156 |
||
| 906 | _a023000 | ||
| 942 |
_2ddc _cBK |
||
| 999 |
_c147833 _d147833 |
||